000 00941nam a2200241Ia 4500
001 17154
003 GE_BSU
008 181216s||||||||xx |||||||||||||| ||und||
040 _cGE_BSU
080 _a821.353.1-32
100 _aგოგოლაძე, თენგიზ
245 _aუკანასკნელი გაკვეთილი
245 _bმოთხრობები
245 _cრედ.ლია ერისთავი
260 _aთბილისი
260 _bნაკადული
260 _c1987
300 _a279გვ. ; 20სმ.
653 _aკალენდრის ფურცელი; ბალადა სამკუთხა ბარათზე; უკანასკნელი გაკვეთილი და სხვ.
653 _aმოთხრობები
653 _aუკანასკნელი გაკვეთილი
942 _cBK
999 _c50216
_d50216